00275nam a2200109Ia 4500008004100000100002000041245004800061250001200109260002800121300000800149650000800157191201s2011 xx 000 0 und d aRAJDA, George E 0aPrinciples of Risk Management and Insurance a1st IMp aN. DelhibPearsonc2011 a748 aMBA